Estabilización con cemento Portland de material degradable para base en la zona de Barú-Piñuela-Palmar Norte

Na minha lista:
Detalhes bibliográficos
Autor principal: Rodríguez Vargas, Rony
Formato: Livro
Publicado em: San José, C.R. 1997
Assuntos:
Tags: Adicionar Tag
Sem tags, seja o primeiro a adicionar uma tag!

MARC

LEADER 00000nam a2200000Ia 4500
003 008165
005 20221231144232.0
008 140114s1997 cr a m 000 ||s d
040 |c cru CEDI 
090 |a TFG 3631 
100 |a Rodríguez Vargas, Rony  |9 9542 
245 |a Estabilización con cemento Portland de material degradable para base en la zona de Barú-Piñuela-Palmar Norte 
260 |c 1997  |a  San José, C.R. 
300 |a  iv, [69] hojas : ilustraciones  
500 |a  Proyecto de graduación (licenciatura en ingeniería civil)--Universidad de Costa Rica. Facultad de Ingeniería. Escuela de Ingeniería Civil 
650 |x CEMENTO PORTLAND   |x MATERIALES PARA CARRETERAS  |9 8330 
942 |c TFG 
999 |c 18861  |d 18861